000 00256nam a2200097Ia 4500
005 20251222114407.0
008 251222s1900||||xx |||||||||||||| ||spa||
082 _aDVD0192/R73/1999
245 0 _aObjetivos y competencias: una oposición imposible:
942 _cDVD
999 _c1865
_d1865